000 00402cam a2200145ua 4500
041 _aeng
_h
082 _a828.09
_bASS/EV
100 _aAsselineau, Roger .
245 _aEvolution of Walt Whitman: The creation of a book /
_cRoger Asselineau.
_hTextual Documents
260 _aCambridge :
_bHarward University Press ,
_c1962.
300 _a392 ; .
504 _a
942 _cBK
999 _c8643
_d8643